Words That Rhyme With Fear - Statistics

General Stats
  • This quiz has been taken 74 times
  • The average score is 24 of 30
Answer Stats
Letter Word % Correct
B beer
100%
H hear
100%
D deer
98%
G gear
98%
N near
98%
L lear
97%
P peer
97%
R rear
97%
E ear
94%
J jeer
94%
Q queer
94%
S sear
92%
D dear
91%
Y year
88%
H here
86%
S steer
86%
V veer
86%
C cheer
83%
C clear
82%
M mere
78%
P pear
77%
S sheer
75%
S spear
74%
S sneer
68%
S shear
63%
P pier
62%
S smear
57%
T tier
55%
W weir
42%
S sphere
31%
No matching quizzes found
Score Distribution
Percent of People with Each Score
Percentile by Number Answered
Your Score History
You have not taken this quiz